Terapeútica quirúrgica / (Record no. 90658)
[ view plain ]
| 000 -LEADER | |
|---|---|
| campo de control de longitud fija | 00865nam a2200229 i 4500 |
| 001 - NÚMERO DE CONTROL | |
| campo de control | 90658 |
| 003 - IDENTIFICADOR DE NÚMERO DE CONTROL | |
| campo de control | ES-MaACL |
| 005 - FECHA Y HORA DE LA ÚLTIMA TRANSACCIÓN | |
| campo de control | 20230906180525.0 |
| 007 - CAMPO FIJO DE DESCRIPCIÓN FÍSICA--INFORMACIÓN GENERAL | |
| campo de control de longitud fija | t| |
| 008 - DATOS DE LONGITUD FIJA--INFORMACIÓN GENERAL | |
| campo de control de longitud fija | 050124m19281929sp ||||1| spa d |
| 100 1# - ENTRADA PRINCIPAL--NOMBRE DE PERSONA | |
| Nombre de persona | Lecène, Paul. |
| 9 (RLIN) | 71056 |
| 245 10 - MENCIÓN DEL TÍTULO | |
| Título | Terapeútica quirúrgica / |
| Mención de responsabilidad, etc. | por Paul Lecène y R. Leriche ; [con la colaboración de F. Lemaitre] ; traducción de Elias Ondiviela, [el 2º volumen traducido por Enrique Olaso Jordán y el 3º por Joaquín Salarich y Juan Vaurell]. |
| 260 ## - PUBLICACIÓN, DISTRIBUCIÓN, ETC. | |
| Lugar de publicación, distribución, etc. | Barcelona : |
| Nombre del editor, distribuidor, etc. | [s.n., |
| Fecha de publicación, distribución, etc. | 1928-29] ( |
| Fabricante | Galve) |
| 300 ## - DESCRIPCIÓN FÍSICA | |
| Extensión | 3 v. ; |
| Dimensiones | 23 cm. |
| 700 1# - ENTRADA AGREGADA--NOMBRE PERSONAL | |
| Nombre de persona | Leriche, R. |
| 9 (RLIN) | 71770 |
| 700 1# - ENTRADA AGREGADA--NOMBRE PERSONAL | |
| Nombre de persona | Lemaitre, F. |
| 9 (RLIN) | 71453 |
| 700 1# - ENTRADA AGREGADA--NOMBRE PERSONAL | |
| Nombre de persona | Ondiviela, Elias. |
| 9 (RLIN) | 87060 |
| 700 1# - ENTRADA AGREGADA--NOMBRE PERSONAL | |
| Nombre de persona | Olaso Jordán, Enrique. |
| 9 (RLIN) | 86668 |
| 700 1# - ENTRADA AGREGADA--NOMBRE PERSONAL | |
| Nombre de persona | Salarich Torrents, Joaquín. |
| 9 (RLIN) | 101714 |
| 700 1# - ENTRADA AGREGADA--NOMBRE PERSONAL | |
| Nombre de persona | Vaurell, Juan. |
| 9 (RLIN) | 113322 |
| 852 ## - LOCALIZACIÓN | |
| Ubicación | ES-MaACL |
| Número de control de estantería | E-638-640 |
| Sublocalización o colección | R.18679 |
| Estatus retirado | Estado de pérdida | Estado de daño | No para préstamo | Biblioteca de origen | Biblioteca actual | Ubicación en estantería | Fecha de adquisición | Fuente de adquisición | Total de préstamos | Signatura topográfica completa | Código de barras | Visto por última vez | Precio de reemplazo | Tipo de ítem Koha |
|---|---|---|---|---|---|---|---|---|---|---|---|---|---|---|
| Biblioteca del Ateneo de Madrid | Biblioteca del Ateneo de Madrid | Depósito 2 | 17/01/2008 | E-638-640 | 1094663 | 23/02/2023 | 23/02/2023 | Libro impreso |
